| 000 | 01094nam a22003017a 4500 | ||
|---|---|---|---|
| 001 | 5382 | ||
| 003 | FISKH | ||
| 005 | 20241129144319.0 | ||
| 008 | 241129b cb ||||| |||| 00| 0 eng d | ||
| 020 | _a9781741047745 | ||
| 040 |
_aFISKH _beng _cFISKH _dFISKH |
||
| 050 | _aDS925.S43 | ||
| 082 | _a915 | ||
| 100 | _aRobinson, Martin | ||
| 245 |
_aSeoul : _bCity Guide / _cby Martin Robinson |
||
| 260 |
_aOakland, CA : _bLonely Planet ; _c2009. |
||
| 300 |
_a208 pages : _bcolor illustrations, maps ; _c21 cm . |
||
| 490 | _a Lonely Planet | ||
| 505 | _aZ | ||
| 520 | _aThis guide to Seoul contains details on where and how to see the best the city has to offer. It includes: accommodation and restaurant suggestions for a range of budgets; information on days trips away from the city; advice on using public transport; and a shopping guide. | ||
| 521 | 8 |
_a1110
_bLexile |
|
| 521 | 8 |
_aZ
_bRaz-Plus |
|
| 650 |
_atravel guide _vNon-fiction |
||
| 650 |
_aLonely Planet _vNon-fiction |
||
| 700 |
_aZahorchak, Jason _eillustrator |
||
| 942 |
_2ddc _cBK _n0 |
||
| 999 |
_c5382 _d5382 |
||